000 00556nam a2200181 a 4500
001 000030447
005 20200930062322.0
008 110517s2011 dr a 000 j spa d
020 _a0965015432
040 _aDO-SdBNP
_bspa
_cBNPHU
082 _axxxx
_bR457c, 2011
100 1 _aReyes Vicente, Damarys,
_d1976-
_957084
245 1 4 _aLos cuentos de Syramar /
_cDamarys Reyes Vicente.
250 _a2a ed.
260 _aSan Juan, Puerto Rico :
_bMakarios,
_c2011
_eSanto Domingo
_fBúho
300 _a68 p. :
_bil. ;
_c22 cm.
590 _aInventariado, 2018/ YL
999 _c29939
_d29939